Provinces d'Afghanistan - Statistiques

Statistiques générales
  • Ce quiz a été pris 7 fois
  • Le résultat moyen est 9 sur 34
Réponses sur la Carte
Les réponses sont colorées sur une échelle allant du rouge au vert en fonction du pourcentage des utilisateurs qui les ont devinées à leur premier essai. Vous pouvez retrouver ces pourcentages ci-dessous.
 
Statistiques - réponses
Réponse % Correct
Kaboul
83%
Kandahar
83%
Hérat
67%
Badakhchan
50%
Farah
50%
Balkh
33%
Bamiyan
33%
Ghazni
33%
Helmand
33%
Khost
33%
Pandjchir
33%
Takhar
33%
Badghis
17%
Baghlan
17%
Deykandi
17%
Djozdjan
17%
Faryab
17%
Ghor
17%
Kapisa
17%
Kounar
17%
Kundôz
17%
Laghman
17%
Lôgar
17%
Nangarhâr
17%
Nimruz
17%
Nouristan
17%
Orozgan
17%
Paktia
17%
Paktika
17%
Parwan
17%
Samangan
17%
Sar-e Pol
17%
Wardak
17%
Zabol
17%
Aucun quiz correspondant
Distribution des résultats
% des personnes avec chaque résultat
Percentile par nombre de réponses
Votre historique - résultats
Vous n’avez pas pris ce quiz